000
00310nam a2200121Ia 4500
008
140316s9999 xx 000 0 und d
082
_a
170
_b
RAN/ PH
100
_a
Ranganathananda
245
_a
Philsophy and spirituality
260
_a
Bombay
_b
Bharatiya vidya bhavan
_c
1994
300
_a
572
942
_2
ddc
_c
REF
999
_c
17954
_d
17954